[Event "Villa Helenenhof op"]
[Site "Bad Schwalbach"]
[Date "2009.10.15"]
[Round "5"]
[White "Winkler, Christian"]
[Black "Stecher, Armin"]
[Result "1/2-1/2"]
[WhiteElo "1340"]
[BlackElo "1476"]
[PlyCount "51"]
[EventDate "2009.10.12"]
[EventType "swiss"]
[EventRounds "9"]
[EventCountry "GER"]
[SourceTitle "CBM 132 Extra"]
[Source "ChessBase"]
[SourceDate "2009.11.03"]
[SourceVersion "1"]
[SourceVersionDate "2009.11.03"]
[SourceQuality "1"]

1. e4 c5 2. Bc4 e6 3. Nc3 a6 4. a3 Nc6 5. Nf3 b5 6. Ba2 c4 7. d3 d5 8. dxc4 dxc4 9. Qxd8+ Nxd8 10. 0-0 Bc5 11. b4 Be7 12. Bb2 Nf6 13. e5 Nd7 14. Rfe1 Bb7 15. Nd2 Bg5 16. Rad1 Rc8 17. Nde4 Be7 18. Nd6+ Bxd6 19. exd6 f6 20. Ne4 Bxe4 21. Rxe4 e5 22. f4 Nc6 23. fxe5 fxe5 24. Bc1 0-0 25. Bg5 Ncb8 26. Be7 1/2-1/2

[Event "Villa Helenenhof op"]
[Site "Bad Schwalbach"]
[Date "2009.10.13"]
[Round "2"]
[White "Winkler, Christian"]
[Black "Lietz, Helmuth"]
[Result "1-0"]
[WhiteElo "1340"]
[BlackElo "1630"]
[PlyCount "91"]
[EventDate "2009.10.12"]
[EventType "swiss"]
[EventRounds "9"]
[EventCountry "GER"]
[SourceTitle "CBM 132 Extra"]
[Source "ChessBase"]
[SourceDate "2009.11.03"]
[SourceVersion "1"]
[SourceVersionDate "2009.11.03"]
[SourceQuality "1"]

1. e4 c5 2. Bc4 e6 3. Nc3 Nc6 4. f4 d6 5. Nf3 Be7 6. d3 Nf6 7. a3 a6 8. Bd2 b5 9. Ba2 Bb7 10. Ne2 Qb6 11. Ng3 c4 12. Qe2 cxd3 13. cxd3 0-0 14. f5 e5 15. Bg5 b4 16. Bxf6 Bxf6 17. Bd5 Nd4 18. Nxd4 Bxd5 19. Nc2 b3 20. Ne3 Bb7 21. Nc4 Qc5 22. Qg4 d5 23. Nh5 dxc4 24. Nxf6+ Kh8 25. Nh5 Qe3+ 26. Qe2 Qxd3 27. Ng3 Rad8 28. Rd1 Qxd1+ 29. Qxd1 Rxd1+ 30. Kxd1 Rd8+ 31. Kc1 h5 32. h4 Rd3 33. Nxh5 Bxe4 34. Re1 Rd4 35. Ng3 Bxg2 36. Rxe5 Bf3 37. Re1 Rxh4 38. Re3 Rf4 39. Kd2 Bg4 40. Ne4 Bxf5 41. Ng5 Rf2+ 42. Ke1 g6 43. Kxf2 Kg7 44. Rc3 Bd3 45. Nf3 f5 46. Nd2 1-0

[Event "Villa Helenenhof op"]
[Site "Bad Schwalbach"]
[Date "2009.10.12"]
[Round "1"]
[White "Sander, Rudi"]
[Black "Winkler, Christian"]
[Result "1/2-1/2"]
[WhiteElo "1275"]
[BlackElo "1340"]
[PlyCount "69"]
[EventDate "2009.10.12"]
[EventType "swiss"]
[EventRounds "9"]
[EventCountry "GER"]
[SourceTitle "CBM 132 Extra"]
[Source "ChessBase"]
[SourceDate "2009.11.03"]
[SourceVersion "1"]
[SourceVersionDate "2009.11.03"]
[SourceQuality "1"]

1. d4 Nf6 2. c4 e5 3. d5 Bc5 4. f3 d6 5. Bg5 h6 6. Bh4 g5 7. Bg3 Bf5 8. e4 Bg6 9. Nc3 a6 10. a3 c6 11. Qd2 0-0 12. Bf2 Qb6 13. Bxc5 Qxc5 14. b4 Qb6 15. Bd3 Nbd7 16. Nge2 c5 17. Na4 Qc7 18. 0-0 Nb6 19. Nec3 Nfd7 20. Qe3 cxb4 21. axb4 Nxc4 22. Bxc4 Qxc4 23. Rab1 Rfc8 24. Rfc1 Qd4 25. Qxd4 exd4 26. Nd1 d3 27. Kf2 d2 28. Rc3 b5 29. Nab2 Rxc3 30. Nxc3 f5 31. Ke2 Nf6 32. exf5 Bxf5 33. Rd1 Re8+ 34. Kxd2 Re5 35. Kc1 1/2-1/2